000 00460nam a22001697a 4500
003 OSt
005 20211110101154.0
008 211110b |||||||| |||| 00| 0 eng d
040 _cHAWASSA UNIERSITY
050 _a636.0896/ROB
_b1
082 _a636.0896/ROB
_b1
100 _aROBERTS STEPHEN J.
_917617
245 _aVETERINARY OBSTETRICS AND GENITAL DISEASES [THERIOGENOLOGY]
260 _aNEW YORK
_bCBS
_c1971
300 _axxvi/776
942 _2ddc
_cBOOKS
_n0
999 _c17413
_d17413